Gondolatok Nagyvárad egészségügyi alapellátásának nemzetiségi vonatkozásairól

Elmentve itt :
Bibliográfiai részletek
Szerző: JÓSA Piroska
Adatforrás:Meister
Forrásdokumentuma:Korunk. -
4 sz., 1994, 95-96 p.
Nyelv:magyar
Kulcsszavak:szociológia
orvosszociológia
román egészségügy
kisebbségi kérdés
Nagyvárad
LEADER 00509nab a2200169 i 4500
001 bibPRO00000064
008 060524s1994 xx hun
040 |a Sz1 
041 |a hun 
100 1 |a JÓSA Piroska 
245 1 0 |a Gondolatok Nagyvárad egészségügyi alapellátásának nemzetiségi vonatkozásairól  |c JÓSA Piroska 
695 |a szociológia 
695 |a orvosszociológia 
695 |a román egészségügy 
695 |a kisebbségi kérdés 
695 |a Nagyvárad 
773 0 |t Korunk. -  |g 4 sz., 1994, 95-96 p.